[Event "C.to Italiano Semifinale"]
[Site "Torino ITA"]
[Date "2010.06.21"]
[Round "2"]
[White "Fabbri, Mario"]
[Black "Stella, Andrea"]
[Result "0-1"]
[WhiteElo "2190"]
[BlackElo "2308"]
[PlyCount "64"]
[EventDate "2010.06.20"]

1. d4 Nf6 2. c4 e6 3. g3 c5 4. Nf3 cxd4 5. Nxd4 d5 6. Bg2 e5 7. Nc2 d4 8. O-O
Nc6 9. Bg5 Be7 10. e4 O-O 11. Ne1 Bg4 12. f3 Be6 13. b3 Nd7 14. Bxe7 Qxe7 15.
f4 exf4 16. gxf4 f6 17. Nd2 Nc5 18. a3 a5 19. Rb1 Rfd8 20. Qf3 a4 21. bxa4 Rxa4
22. Nc2 Bxc4 23. Rfd1 Bf7 24. Nb4 Nxb4 25. Rxb4 Rxb4 26. axb4 Ne6 27. e5 fxe5
28. fxe5 Ng5 29. Qxb7 Qxe5 30. h4 Nh3+ 31. Bxh3 Bd5 32. Qb5 Qe3+ 0-1

[Event "C.to Italiano Semifinale"]
[Site "Torino ITA"]
[Date "2010.06.21"]
[Round "2"]
[White "Finocchiaro, Gianluca"]
[Black "Mogranzini, Roberto"]
[Result "0-1"]
[WhiteElo "2087"]
[BlackElo "2405"]
[PlyCount "64"]
[EventDate "2010.06.20"]

1. e4 c5 2. c3 d5 3. exd5 Qxd5 4. d4 Nc6 5. Nf3 Bg4 6. Be2 cxd4 7. cxd4 e6 8.
O-O Nf6 9. Nc3 Qa5 10. Bd2 Bb4 11. a3 Bxc3 12. Bxc3 Qb6 13. h3 Bh5 14. Ne5 Bxe2
15. Qxe2 O-O 16. Rfd1 Rfd8 17. Qf3 Rac8 18. Nc4 Qb3 19. Ne3 Nd5 20. Nxd5 Rxd5
21. Rac1 Rcd8 22. Qg3 e5 23. Rd3 Qb6 24. Re1 exd4 25. Bd2 Qc5 26. Bh6 Qf8 27.
Re4 Kh8 28. Bd2 f6 29. Qh4 Qf7 30. b4 Ne5 31. Rdxd4 Ng6 32. Rxd5 Qxd5 0-1

[Event "C.to Italiano Semifinale"]
[Site "Torino ITA"]
[Date "2010.06.21"]
[Round "2"]
[White "Genocchio, Daniele"]
[Black "Contin, Daniel"]
[Result "1-0"]
[WhiteElo "2438"]
[BlackElo "2307"]
[PlyCount "55"]
[EventDate "2010.06.20"]

1. d4 Nf6 2. c4 e6 3. Nc3 Bb4 4. f3 c5 5. d5 b5 6. e4 bxc4 7. Bxc4 Nxd5 8. Bxd5
exd5 9. Qxd5 Nc6 10. Nge2 Qh4+ 11. Ng3 Qf6 12. O-O O-O 13. Be3 Ba6 14. Rfd1 Nd4
15. Rac1 d6 16. a3 Bxc3 17. Rxc3 Nb5 18. Rc2 Rab8 19. a4 Bb7 20. Qf5 Qxf5 21.
Nxf5 Nc7 22. Rxd6 Ne6 23. Bxc5 g6 24. Nh6+ Kg7 25. Rxe6 Rfc8 26. Re7 Kxh6 27.
Be3+ Kg7 28. Rxb7 1-0

[Event "C.to Italiano Semifinale"]
[Site "Torino ITA"]
[Date "2010.06.21"]
[Round "2"]
[White "Molina, Fabrizio"]
[Black "Cardani, Roberto"]
[Result "1-0"]
[WhiteElo "2211"]
[BlackElo "1998"]
[PlyCount "68"]
[EventDate "2010.06.20"]

1. Nf3 Nf6 2. c4 g6 3. Nc3 Bg7 4. d4 d5 5. g3 O-O 6. Bg2 c6 7. O-O dxc4 8. Ne5
Be6 9. e4 Nbd7 10. Nf3 Nb6 11. h3 h6 12. Be3 Qc8 13. Kh2 Rd8 14. Qe2 Ne8 15. a4
Nc7 16. Rac1 f5 17. Ne5 Bxe5 18. dxe5 Kh7 19. h4 Rd3 20. Rfd1 Rxd1 21. Rxd1 Qg8
22. h5 g5 23. a5 Nd7 24. exf5 Bxf5 25. g4 Be6 26. Be4+ Kh8 27. Bf5 Nd5 28. Bd4
Qf7 29. a6 bxa6 30. Qxc4 Nf4 31. Qxc6 Rb8 32. Qxd7 Bxd7 33. e6+ Qf6 34. Bxf6+
exf6 1-0

[Event "C.to Italiano Semifinale"]
[Site "Torino ITA"]
[Date "2010.06.21"]
[Round "2"]
[White "Passerotti, Pierluigi"]
[Black "Vezzosi, Paolo"]
[Result "1/2-1/2"]
[WhiteElo "2258"]
[BlackElo "2367"]
[PlyCount "99"]
[EventDate "2010.06.20"]

1. Nf3 d6 2. d4 Bg4 3. Nbd2 Nd7 4. h3 Bh5 5. g4 Bg6 6. Nh4 e6 7. Nxg6 hxg6 8.
Bg2 c6 9. c3 d5 10. e4 dxe4 11. Nxe4 Ngf6 12. Ng5 Nd5 13. Qf3 Qf6 14. Qg3 Qd8
15. Qf3 N7f6 16. Bd2 Nb6 17. b3 Be7 18. Rd1 a5 19. O-O a4 20. Rfe1 axb3 21.
axb3 Ra2 22. c4 O-O 23. Be3 Bb4 24. Re2 Rxe2 25. Qxe2 Qc7 26. Qf3 Ra8 27. Bf4
Qe7 28. Qd3 Nbd7 29. Nf3 Nb6 30. Ne5 Nfd7 31. Nxd7 Qxd7 32. Bf3 Be7 33. Kg2 Qd8
34. Qe3 Ra3 35. Rd3 g5 36. Bg3 Bf6 37. Qe4 Qa8 38. Bd6 Ra1 39. Bb4 Qa2 40. Rd1
Rxd1 41. Bxd1 Qb2 42. Bc2 g6 43. Qd3 Bxd4 44. Be7 Nd7 45. Bxg5 Nc5 46. Qd2 e5
47. Bd1 Qb1 48. Qc2 Qxc2 49. Bxc2 Ne6 50. Be3 1/2-1/2

[Event "C.to Italiano Semifinale"]
[Site "Torino ITA"]
[Date "2010.06.21"]
[Round "2"]
[White "Racioppo, Paolo"]
[Black "Di Trapani, Davide"]
[Result "1/2-1/2"]
[WhiteElo "2172"]
[BlackElo "1926"]
[PlyCount "65"]
[EventDate "2010.06.20"]

1. e4 e5 2. Bc4 Nc6 3. Nf3 Bc5 4. c3 Nf6 5. Qe2 O-O 6. Bb3 d6 7. d3 Bb6 8. Bg5
Qe7 9. h3 Nd8 10. Nbd2 Ne6 11. Bh4 Nf4 12. Qf1 c6 13. O-O-O Ng6 14. Bg5 h6 15.
Be3 d5 16. g4 dxe4 17. dxe4 Bxe3 18. fxe3 b5 19. g5 hxg5 20. Nxg5 a5 21. h4 a4
22. Bc2 Bg4 23. Ndf3 b4 24. h5 Bxh5 25. Rxh5 Nxh5 26. Qh3 Nf6 27. Rh1 bxc3 28.
Nh4 Nh5 29. Nhf3 Nf6 30. Nh4 Nh5 31. Qg4 Nf6 32. Qh3 Nh5 33. Qg4 1/2-1/2

[Event "C.to Italiano Semifinale"]
[Site "Torino ITA"]
[Date "2010.06.21"]
[Round "2"]
[White "Saccona, Silvano"]
[Black "Iudicello, Massimo"]
[Result "1/2-1/2"]
[WhiteElo "2230"]
[BlackElo "2160"]
[PlyCount "191"]
[EventDate "2010.06.20"]

1. d4 Nf6 2. Nf3 e6 3. Bf4 b6 4. e3 Bb7 5. Be2 Be7 6. h3 O-O 7. O-O Ne4 8. Nbd2
f5 9. Bh2 d6 10. c4 Nd7 11. Nxe4 fxe4 12. Nd2 Nf6 13. Rc1 c5 14. Nb1 cxd4 15.
Qxd4 Ne8 16. Bg4 Qd7 17. Rfd1 Bh4 18. Rf1 Bf6 19. Qd2 Qf7 20. Rc2 Rd8 21. Nc3
h5 22. Bd1 g6 23. Nb5 d5 24. cxd5 Rxd5 25. Qb4 Be7 26. Qb3 Bc5 27. Be2 Rf5 28.
Bc4 Bd5 29. Nd4 Rg5 30. Nxe6 Qxe6 31. Bxd5 Qxd5 32. Qa4 Qe6 33. b4 Qxh3 34. Bg3
Rxg3 35. Qb3+ Kh7 36. fxg3 Rxf1+ 37. Kxf1 Qh1+ 38. Kf2 Bd6 39. Qe6 h4 40. gxh4
Qxh4+ 41. Ke2 Qh5+ 42. Kf2 Qf5+ 43. Qxf5 gxf5 44. Rc8 Nf6 45. b5 Bc5 46. a4 Nd5
47. Ra8 Nxe3 48. Rxa7+ Kg6 49. g3 Kf6 50. Ke2 Nc4 51. Rh7 Nd6 52. Rh5 Kg6 53.
Rh8 Kg5 54. Rg8+ Kf6 55. Rh8 Ke5 56. Rh5 Kd4 57. Rh8 Kc4 58. Ra8 Kb4 59. Ra7
Bd4 60. Ra6 Nc4 61. Ra8 Be5 62. Kf2 e3+ 63. Kf3 Kc3 64. a5 bxa5 65. b6 Nxb6 66.
Rxa5 Nc4 67. Rd5 Bd4 68. Ke2 Ne5 69. Rd8 Nd3 70. Rc8+ Bc5 71. Rc7 Nc1+ 72. Kd1
e2+ 73. Ke1 Kd3 74. Rxc5 Nb3 75. Rxf5 Nd4 76. Rd5 Ke3 77. Rxd4 Kxd4 78. Kxe2
Ke4 79. Kf2 Kf5 80. Kf3 Kg5 81. g4 Kg6 82. Kf4 Kf6 83. g5+ Kg6 84. Kg4 Kg7 85.
Kf5 Kf7 86. g6+ Kg7 87. Kg5 Kg8 88. Kg4 Kg7 89. Kh5 Kg8 90. Kh6 Kh8 91. Kg5 Kg7
92. Kf5 Kg8 93. Kf6 Kf8 94. Ke6 Kg7 95. Kf5 Kg8 96. Ke4 1/2-1/2

[Event "C.to Italiano Semifinale"]
[Site "Torino ITA"]
[Date "2010.06.21"]
[Round "2"]
[White "Sbarra, Marco"]
[Black "Dvirnyy, Danyyil"]
[Result "1/2-1/2"]
[WhiteElo "2309"]
[BlackElo "2459"]
[PlyCount "26"]
[EventDate "2010.06.20"]

1. d4 Nf6 2. c4 e6 3. Nc3 Bb4 4. Qc2 d5 5. a3 Bxc3+ 6. Qxc3 Ne4 7. Qc2 c5 8.
dxc5 Nc6 9. e3 Qa5+ 10. Bd2 Qxc5 11. b4 Qe7 12. Bc1 O-O 13. Nf3 f5 1/2-1/2

[Event "C.to Italiano Semifinale"]
[Site "Torino ITA"]
[Date "2010.06.21"]
[Round "2"]
[White "Sibilio, Mario"]
[Black "Grinza, Andrea"]
[Result "1-0"]
[WhiteElo "2362"]
[BlackElo "2255"]
[PlyCount "105"]
[EventDate "2010.06.20"]

1. d4 d5 2. Nf3 Nf6 3. c4 e6 4. Nc3 Be7 5. g3 O-O 6. Bg2 b6 7. Ne5 Bb7 8. O-O
Nbd7 9. Qa4 c6 10. Nxc6 Bxc6 11. Qxc6 Rc8 12. Qb5 Rxc4 13. Rd1 Qc8 14. a3 a6
15. Qb3 b5 16. Bg5 h6 17. Bxf6 Nxf6 18. e3 Rc7 19. Ne2 Qb8 20. Nf4 Bd6 21. Nd3
Rfc8 22. a4 b4 23. a5 Ne4 24. Ne1 Be7 25. Bf1 Qa8 26. Bd3 Nd6 27. Bb1 Nc4 28.
Qd3 f5 29. Qe2 b3 30. Nd3 Bd6 31. Nf4 Bxf4 32. exf4 Re8 33. Re1 Rcc8 34. Bd3
Qa7 35. Rad1 Nxa5 36. Bxa6 Rb8 37. Bb5 Re7 38. Ra1 Qb6 39. Qd2 Nb7 40. Bf1 Nd6
41. Ra6 Qd8 42. Rc1 Ne4 43. Qe3 Rb6 44. Ra3 Rc7 45. Rca1 Rc2 46. f3 Nf6 47.
Rxb3 Rxb2 48. Rxb2 Rxb2 49. Qxe6+ Kh8 50. Qxf5 Rd2 51. Qe5 Qb6 52. Ra8+ Kh7 53.
Bd3+ 1-0

[Event "C.to Italiano Semifinale"]
[Site "Torino ITA"]
[Date "2010.06.21"]
[Round "2"]
[White "Spinelli, Doriano"]
[Black "La Manna, Andrea"]
[Result "0-1"]
[WhiteElo "2112"]
[BlackElo "2229"]
[PlyCount "60"]
[EventDate "2010.06.20"]

1. e4 d5 2. exd5 Qxd5 3. Nc3 Qa5 4. g3 Nf6 5. Bg2 g6 6. Nge2 Bg7 7. a3 c5 8. d3
Nc6 9. Bd2 Qc7 10. h3 O-O 11. Be3 b6 12. O-O Bb7 13. Nf4 e6 14. Nb5 Qe7 15. g4
Rad8 16. Nc3 Ne5 17. g5 Nd5 18. Nfxd5 exd5 19. Bf4 Qd7 20. Re1 Qf5 21. Bxe5
Bxe5 22. Qg4 Qxg4 23. hxg4 Rfe8 24. Kf1 Kf8 25. Re2 Bf4 26. Rxe8+ Kxe8 27. Re1+
Kf8 28. Re2 Bxg5 29. Bxd5 Bxd5 30. Re5 Bb7 0-1

[Event "C.to Italiano Semifinale"]
[Site "Torino ITA"]
[Date "2010.06.21"]
[Round "2"]
[White "Valsecchi, Alessio"]
[Black "Ferro, Mario"]
[Result "1-0"]
[WhiteElo "2370"]
[BlackElo "2259"]
[PlyCount "63"]
[EventDate "2010.06.20"]

1. d4 d5 2. Nf3 Nf6 3. g3 g6 4. Bg2 Bg7 5. c4 dxc4 6. O-O O-O 7. Na3 c5 8. Nxc4
Be6 9. Nfe5 Qc8 10. dxc5 Bh3 11. Be3 Bxg2 12. Kxg2 Nc6 13. Rc1 Qe6 14. Nxc6
bxc6 15. b4 Rfd8 16. Qb3 Rd5 17. Na5 Ng4 18. Rfd1 Rad8 19. Rxd5 Rxd5 20. h3
Nxe3+ 21. Qxe3 Re5 22. Qb3 Qf6 23. Rd1 Bh6 24. Qc2 Qe6 25. Qc3 f6 26. Qb3 Qxb3
27. axb3 Rxe2 28. Nxc6 Rc2 29. Rd8+ Kf7 30. Rd7 Ke6 31. Rxa7 Bd2 32. Nd4+ 1-0

[Event "C.to Italiano Semifinale"]
[Site "Torino ITA"]
[Date "2010.06.21"]
[Round "2"]
[White "Velluti, Alberto"]
[Black "Pepino, Enrico"]
[Result "0-1"]
[WhiteElo "1932"]
[BlackElo "2190"]
[PlyCount "94"]
[EventDate "2010.06.20"]

1. e4 d6 2. d4 Nf6 3. Nc3 g6 4. f4 Bg7 5. Nf3 O-O 6. Bd3 Na6 7. O-O c5 8. d5
Bg4 9. h3 Bxf3 10. Rxf3 Nc7 11. Rb1 b5 12. Qe1 b4 13. Na4 Nd7 14. b3 Nb6 15.
Bb2 Nxa4 16. Bxg7 Kxg7 17. bxa4 Qd7 18. a3 a5 19. f5 Rab8 20. axb4 cxb4 21. Qc1
Ne8 22. Bb5 Qa7+ 23. Kh2 Qd4 24. Bxe8 Rbxe8 25. Qf4 Rc8 26. Rd3 Qe5 27. Qxe5+
dxe5 28. d6 exd6 29. Rxd6 Rfd8 30. f6+ Kh6 31. Rd5 Rxd5 32. exd5 Kg5 33. d6
Kxf6 34. d7 Rd8 35. c3 bxc3 36. Rc1 Rxd7 37. Rxc3 Rd4 38. Rc6+ Kf5 39. g4+ Ke4
40. Rf6 Rd7 41. Ra6 f5 42. gxf5 gxf5 43. Rxa5 f4 44. Rb5 Rd2+ 45. Kg1 Ra2 46.
a5 f3 47. Rb4+ Ke3 0-1

[Event "C.to Italiano Semifinale"]
[Site "Torino ITA"]
[Date "2010.06.22"]
[Round "3"]
[White "Bianco, Valerio"]
[Black "Martorelli, Antonio"]
[Result "1/2-1/2"]
[WhiteElo "2210"]
[BlackElo "2259"]
[PlyCount "92"]
[EventDate "2010.06.20"]

1. Nf3 Nf6 2. g3 g6 3. b3 Bg7 4. Bb2 O-O 5. Bg2 a5 6. O-O d6 7. d4 Nc6 8. a4
Bf5 9. Na3 Qd7 10. Re1 Be4 11. Nc4 Nb4 12. Rc1 Bh6 13. e3 Bf5 14. Nfd2 Bg4 15.
f3 Bh3 16. Bh1 d5 17. Ne5 Qe6 18. Qe2 Nd7 19. c3 Nxe5 20. cxb4 Nc6 21. b5 Nb4
22. Ba3 c6 23. Bxb4 axb4 24. bxc6 Rac8 25. Kf2 Rxc6 26. Rxc6 Qxc6 27. g4 Qd6
28. f4 Bxf4 29. Qf3 Bxe3+ 30. Kxe3 Rc8 31. Qxd5 Qxh2 32. Nc4 Bxg4 33. Bg2 Qh6+
34. Kd3 Qh4 35. Qe5 Bf5+ 36. Ke2 Rd8 37. d5 Rc8 38. Rh1 Qg5 39. Kf2 h5 40. Bf3
Re8 41. Rg1 Qh4+ 42. Ke3 e6 43. d6 Bc2 44. Qb2 Bf5 45. Qe5 Bc2 46. Qb2 Bf5
1/2-1/2

[Event "C.to Italiano Semifinale"]
[Site "Torino ITA"]
[Date "2010.06.22"]
[Round "3"]
[White "Contin, Daniel"]
[Black "Brunello, Marina"]
[Result "1-0"]
[WhiteElo "2307"]
[BlackElo "2218"]
[PlyCount "56"]
[EventDate "2010.06.20"]

1. c4 e6 2. Nf3 Nf6 3. g3 d5 4. b3 Be7 5. Bg2 O-O 6. O-O c5 7. e3 Nc6 8. Qe2 b6
9. Bb2 Bb7 10. Nc3 Rc8 11. cxd5 Nxd5 12. Nxd5 Qxd5 13. Rfd1 Qd7 14. d4 Qc7 15.
dxc5 Bxc5 16. Rac1 Rfd8 17. Ng5 h6 18. Ne4 Bf8 19. Rxd8 Qxd8 20. Rd1 Qc7 21.
Nf6+ gxf6 22. Qg4+ Kh7 23. Be4+ f5 24. Bxf5+ exf5 25. Qxf5+ Kg8 26. Qg4+ Kh7
27. Qf5+ Kg8 28. Qf6 Kh7 1-0

[Event "C.to Italiano Semifinale"]
[Site "Torino ITA"]
[Date "2010.06.22"]
[Round "3"]
[White "Di Paolo, Raffaele"]
[Black "Caprio, Guido"]
[Result "1-0"]
[WhiteElo "2343"]
[BlackElo "2224"]
[PlyCount "81"]
[EventDate "2010.06.20"]

1. e4 c5 2. Nf3 d6 3. d4 cxd4 4. Nxd4 Nf6 5. Nc3 a6 6. Bc4 e6 7. Bb3 b5 8. O-O
Be7 9. f4 O-O 10. f5 e5 11. Nde2 Bb7 12. Ng3 Nbd7 13. Bg5 Rc8 14. Bxf6 Nxf6 15.
Nh5 Qb6+ 16. Kh1 Nxh5 17. Qxh5 Rxc3 18. bxc3 Qe3 19. Rae1 Qxc3 20. Qf3 Qc7 21.
Re3 a5 22. Rc3 Qb6 23. Qg4 Bf6 24. Rd3 Qc5 25. Rfd1 a4 26. Bd5 Bxd5 27. Rxd5
Qxc2 28. Rxd6 b4 29. R6d2 Qc4 30. Qe2 Qxe2 31. Rxe2 Rb8 32. g3 h6 33. Rd7 Bg5
34. Ra7 b3 35. Rb2 Rb4 36. axb3 axb3 37. Ra3 g6 38. fxg6 fxg6 39. Rbxb3 Rxe4
40. Rb7 Re1+ 41. Kg2 1-0

[Event "C.to Italiano Semifinale"]
[Site "Torino ITA"]
[Date "2010.06.22"]
[Round "3"]
[White "Di Trapani, Davide"]
[Black "De Florio, Federico"]
[Result "0-1"]
[WhiteElo "1926"]
[BlackElo "2171"]
[PlyCount "62"]
[EventDate "2010.06.20"]

1. e4 c6 2. d4 d5 3. exd5 cxd5 4. Bd3 Nc6 5. c3 Qc7 6. Qb3 Nxd4 7. Qxd5 Nc6 8.
Qb3 Be6 9. Qc2 Nf6 10. Ne2 Rd8 11. O-O Nd5 12. a3 g6 13. c4 Nb6 14. Nf4 Bc8 15.
c5 Nd5 16. Nxd5 Rxd5 17. Be3 Bg7 18. Nc3 Rh5 19. f4 O-O 20. Nb5 Qb8 21. Be2 Rd5
22. Rad1 Rfd8 23. Rxd5 Rxd5 24. Bf3 Bf5 25. Qa4 Rd3 26. Bc1 a6 27. Nc3 Nd4 28.
Bd5 Nb5 29. Qc4 e6 30. Be4 Rd4 31. Qb3 Bxe4 0-1

[Event "C.to Italiano Semifinale"]
[Site "Torino ITA"]
[Date "2010.06.22"]
[Round "3"]
[White "Dvirnyy, Danyyil"]
[Black "Sibilio, Mario"]
[Result "1-0"]
[WhiteElo "2459"]
[BlackElo "2362"]
[PlyCount "35"]
[EventDate "2010.06.20"]

1. e4 e6 2. d4 d5 3. Nc3 a6 4. Bd3 Nf6 5. e5 Nfd7 6. Nce2 c5 7. c3 Nc6 8. f4
cxd4 9. cxd4 Qb6 10. Nf3 Bb4+ 11. Bd2 f6 12. O-O Be7 13. Kh1 Nf8 14. exf6 Bxf6
15. f5 Bd7 16. Nf4 Ne7 17. Re1 g6 18. Qe2 1-0

[Event "C.to Italiano Semifinale"]
[Site "Torino ITA"]
[Date "2010.06.22"]
[Round "3"]
[White "Ferro, Mario"]
[Black "Pepino, Enrico"]
[Result "0-1"]
[WhiteElo "2259"]
[BlackElo "2190"]
[PlyCount "158"]
[EventDate "2010.06.20"]

1. d4 Nf6 2. c4 g6 3. g3 Bg7 4. Bg2 O-O 5. Nf3 d6 6. b3 c5 7. Bb2 Nc6 8. O-O
Bg4 9. d5 Bxf3 10. exf3 Nd4 11. Nc3 Rb8 12. Re1 Re8 13. f4 a6 14. Ne2 Nxe2+ 15.
Rxe2 b5 16. Qd3 bxc4 17. Qxc4 Qa5 18. Rae1 Rb7 19. Bf1 Qb5 20. Qc3 Qb6 21. Re4
Nh5 22. Qd2 Bxb2 23. Qxb2 Nf6 24. Ra4 Ra7 25. Qd2 Qb7 26. Bc4 Nd7 27. Qd3 Nb6
28. Bxa6 Qxd5 29. Qxd5 Nxd5 30. Bb5 Rxa4 31. Bxa4 Rb8 32. Bd7 e6 33. Rb1 Kf8
34. a4 Ke7 35. Bc6 Nb4 36. Bb5 d5 37. Kf1 Kd6 38. Rc1 d4 39. Bc4 Ra8 40. Ke2
Ra7 41. g4 Nd5 42. Kf3 f6 43. h4 e5 44. g5 Rf7 45. Kg4 f5+ 46. Kf3 e4+ 47. Kg3
Rb7 48. h5 d3 49. a5 Nb4 50. hxg6 hxg6 51. Rh1 Rg7 52. Rh8 d2 53. Bb5 Kc7 54.
Rh1 Na2 55. Rd1 Nc3 56. Rxd2 Nxb5 57. Rd5 Kc6 58. Rd8 Nd4 59. Rb8 Ne2+ 60. Kh2
Rh7+ 61. Kg2 Nxf4+ 62. Kg1 Rb7 63. Rc8+ Kd5 64. a6 Ra7 65. Rd8+ Kc6 66. Rc8+
Kb6 67. Rb8+ Kxa6 68. b4 cxb4 69. Rxb4 Rh7 70. f3 Nh3+ 71. Kg2 exf3+ 72. Kxf3
Nxg5+ 73. Kg3 Rh3+ 74. Kg2 Rc3 75. Rb8 Ne4 76. Re8 Kb6 77. Rg8 g5 78. Rf8 Rc5
79. Rd8 Kb5 0-1

[Event "C.to Italiano Semifinale"]
[Site "Torino ITA"]
[Date "2010.06.22"]
[Round "3"]
[White "Grinza, Andrea"]
[Black "Manfredi, Vincenzo"]
[Result "1/2-1/2"]
[WhiteElo "2255"]
[BlackElo "2172"]
[PlyCount "89"]
[EventDate "2010.06.20"]

1. d4 Nf6 2. c4 g6 3. Nc3 Bg7 4. e4 d6 5. f3 O-O 6. Bg5 c5 7. d5 e6 8. Nge2
exd5 9. Nxd5 Nc6 10. Qd2 Be6 11. Nec3 Bxd5 12. cxd5 Nd4 13. Ne2 Qb6 14. Nxd4
cxd4 15. Bd3 Nd7 16. O-O Nc5 17. Rfd1 Rac8 18. Rab1 Rc7 19. Bh6 Bxh6 20. Qxh6
Nxd3 21. Rxd3 Rc2 22. f4 Rfc8 23. f5 Qd8 24. Rh3 Qf6 25. Qxh7+ Kf8 26. Rf1 d3
27. fxg6 Qd4+ 28. Kh1 Rf2 29. Rf3 Rxf3 30. gxf3 fxg6 31. Qh6+ Kf7 32. Qh7+ Qg7
33. Qxg7+ Kxg7 34. Rd1 Rc2 35. Rxd3 Rxb2 36. Rc3 Rxa2 37. Rc7+ Kf6 38. Rxb7 Ke5
39. Re7+ Kf4 40. Rf7+ Ke3 41. Kg1 g5 42. h3 a5 43. Rf6 a4 44. Rxd6 Kxf3 45. e5
1/2-1/2

[Event "C.to Italiano Semifinale"]
[Site "Torino ITA"]
[Date "2010.06.22"]
[Round "3"]
[White "Iudicello, Massimo"]
[Black "Fabbri, Mario"]
[Result "1/2-1/2"]
[WhiteElo "2160"]
[BlackElo "2190"]
[PlyCount "143"]
[EventDate "2010.06.20"]

1. e4 e5 2. Nf3 Nc6 3. Bb5 Nf6 4. O-O d6 5. d3 Be7 6. Bg5 O-O 7. c3 h6 8. Bh4
Bd7 9. Nbd2 Nh7 10. Bxe7 Nxe7 11. Bxd7 Qxd7 12. d4 Ng6 13. Nc4 Qe6 14. Ne3 Nf6
15. d5 Qd7 16. Nd2 Kh8 17. g3 Rae8 18. f3 Ng8 19. Qc2 N6e7 20. c4 f5 21. Nxf5
Nxf5 22. exf5 Rxf5 23. Rf2 Ref8 24. Raf1 Nf6 25. Ne4 Nh7 26. Qd2 b6 27. b4 Qa4
28. Qc3 Nf6 29. Nxf6 R8xf6 30. a3 Qd7 31. b5 a5 32. Qd3 Qf7 33. Qe4 Kg8 34. Kg2
Kf8 35. Qe3 g5 36. Qe4 h5 37. h4 Rg6 38. Kh2 Ke8 39. Rg2 gxh4 40. gxh4 Rxg2+
41. Kxg2 Rf4 42. Qe1 Qg6+ 43. Qg3 Qxg3+ 44. Kxg3 Rxc4 45. f4 Rc5 46. fxe5 Rxd5
47. exd6 cxd6 48. a4 Rd3+ 49. Kg2 Rd4 50. Rc1 Rxh4 51. Rc6 Kd7 52. Rxb6 Rxa4
53. Rb7+ Kc8 54. Ra7 h4 55. Kh3 Kb8 56. b6 d5 57. Rd7 Rd4 58. Ra7 a4 59. Rd7
Kc8 60. Rc7+ Kb8 61. Rd7 a3 62. Ra7 a2 63. Rxa2 Kb7 64. Rb2 Re4 65. Rb5 Rd4 66.
Rb3 Rc4 67. Rb5 d4 68. Kxh4 d3+ 69. Kg3 Rd4 70. Rb1 d2 71. Rd1 Kxb6 72. Kf3
1/2-1/2

[Event "C.to Italiano Semifinale"]
[Site "Torino ITA"]
[Date "2010.06.22"]
[Round "3"]
[White "Mogranzini, Roberto"]
[Black "Sbarra, Marco"]
[Result "1-0"]
[WhiteElo "2405"]
[BlackElo "2309"]
[PlyCount "80"]
[EventDate "2010.06.20"]

1. e4 e5 2. Nf3 Nc6 3. Bb5 a6 4. Ba4 Nf6 5. O-O Be7 6. d3 b5 7. Bb3 d6 8. a4 b4
9. Nbd2 Na5 10. Ba2 O-O 11. c3 Rb8 12. d4 bxc3 13. bxc3 Nc6 14. h3 d5 15. Nxe5
Nxe5 16. dxe5 Nxe4 17. Nxe4 dxe4 18. Qe2 Bb7 19. Rd1 Qe8 20. Be3 Qc6 21. Bd5
Qxc3 22. Bxb7 Rxb7 23. Qxa6 Rbb8 24. Bd4 Qb4 25. Qc6 Ra8 26. Be3 f6 27. Rdb1
Qa5 28. Qe6+ Rf7 29. exf6 Bxf6 30. Ra2 Qe5 31. Qc4 Be7 32. Rb5 Qd6 33. Qxe4
Qd1+ 34. Kh2 Bd6+ 35. g3 Raf8 36. Qd5 Qf1 37. Qg2 Qc4 38. Qd5 Qf1 39. Rab2 c6
40. Rb1 Qe2 1-0

[Event "C.to Italiano Semifinale"]
[Site "Torino ITA"]
[Date "2010.06.22"]
[Round "3"]
[White "Nikolajevic, Tihomir"]
[Black "Racioppo, Paolo"]
[Result "0-1"]
[WhiteElo "1914"]
[BlackElo "2172"]
[PlyCount "100"]
[EventDate "2010.06.20"]

1. Nf3 f5 2. e3 Nf6 3. b3 d6 4. d4 e6 5. Bb2 Be7 6. Bd3 O-O 7. Nbd2 d5 8. c4 c6
9. Qc2 Bd7 10. Ne5 Be8 11. f3 Nbd7 12. O-O Nxe5 13. dxe5 Nd7 14. Rae1 Bc5 15.
Bd4 Qb6 16. Bxc5 Nxc5 17. Kh1 Rd8 18. cxd5 cxd5 19. f4 Nxd3 20. Qxd3 Bb5 21.
Qd4 Qxd4 22. exd4 Bxf1 23. Nxf1 Rc8 24. Ne3 Rc3 25. Kg1 Rfc8 26. Re2 Kf7 27.
Kf2 b5 28. Rd2 a5 29. Ke2 a4 30. bxa4 bxa4 31. Rb2 a3 32. Rb7+ R8c7 33. Rxc7+
Rxc7 34. Kd2 Rb7 35. Nd1 h6 36. g3 g5 37. h3 gxf4 38. gxf4 Kg6 39. Kc2 Kh5 40.
Kc3 Kh4 41. Nf2 Rb2 42. Nd3 Rxa2 43. Kb3 Rh2 44. Nc1 Rxh3+ 45. Ka2 Kg4 46. Nb3
Rxb3 47. Kxb3 Kxf4 48. Kxa3 Ke4 49. Kb3 Kxd4 50. Kc2 Kxe5 0-1

[Event "C.to Italiano Semifinale"]
[Site "Torino ITA"]
[Date "2010.06.22"]
[Round "3"]
[White "Ricci, Marco"]
[Black "Velluti, Alberto"]
[Result "0-1"]
[WhiteElo "2094"]
[BlackElo "1932"]
[PlyCount "98"]
[EventDate "2010.06.20"]

1. e4 e5 2. Nf3 Nc6 3. Bb5 a6 4. Bxc6 dxc6 5. O-O Bd6 6. d4 exd4 7. Qxd4 f6 8.
Nbd2 Be6 9. Nc4 Bxh2+ 10. Kxh2 Qxd4 11. Nxd4 Bxc4 12. Re1 O-O-O 13. Nf5 g6 14.
Ne3 Be6 15. b3 Nh6 16. Bb2 Rhf8 17. f3 Ng8 18. Rad1 Rxd1 19. Rxd1 Rd8 20. Rxd8+
Kxd8 21. g4 Ke7 22. Kg3 b6 23. f4 c5 24. c4 c6 25. Kh4 Nh6 26. Kg3 Nf7 27. Kf3
Bd7 28. Nf1 a5 29. Ne3 Nd8 30. e5 f5 31. g5 Ne6 32. Nc2 Kf7 33. Ke3 Kg7 34. Ne1
h6 35. gxh6+ Kxh6 36. Nc2 Kh5 37. Kf3 Kh4 38. Bc3 Kh3 39. Bb2 Bc8 40. Bc3 Ba6
41. a4 Bc8 42. Bb2 Kh4 43. Bc3 g5 44. fxg5 Kxg5 45. Be1 f4 46. Ke4 Kg4 47. Bf2
Ng5+ 48. Kd3 Bf5+ 49. Kd2 Ne4+ 0-1

[Event "C.to Italiano Semifinale"]
[Site "Torino ITA"]
[Date "2010.06.22"]
[Round "3"]
[White "Rombaldoni, Axel"]
[Black "Brunello, Sabino"]
[Result "0-1"]
[WhiteElo "2436"]
[BlackElo "2467"]
[PlyCount "78"]
[EventDate "2010.06.20"]

1. e4 e5 2. Nf3 Nc6 3. Bc4 Bc5 4. c3 Nf6 5. d3 d6 6. b4 Bb6 7. a4 a5 8. b5 Ne7
9. O-O Ng6 10. Nbd2 O-O 11. Bb3 c6 12. d4 Bg4 13. bxc6 bxc6 14. h3 Bxf3 15.
Nxf3 Nxe4 16. Qc2 d5 17. dxe5 Re8 18. c4 Nxe5 19. Nxe5 Rxe5 20. cxd5 cxd5 21.
Kh2 Rc8 22. Qb2 Rf5 23. f4 Rc3 24. Bc2 Bd4 25. Bxe4 Rxh3+ 26. gxh3 Bxb2 27.
Bxf5 Bxa1 28. Bd2 Qf6 29. Bd7 Bc3 30. Bc1 g6 31. Bb5 Qf5 32. Kg3 h5 33. Ba3 Kg7
34. Bd6 Qe4 35. Rf3 Bd4 36. Rf1 h4+ 37. Kh2 Qc2+ 38. Kh1 Qc3 39. Rf2 Qxh3+ 0-1

[Event "C.to Italiano Semifinale"]
[Site "Torino ITA"]
[Date "2010.06.22"]
[Round "3"]
[White "Rombaldoni, Denis"]
[Black "Piscopo, Pierluigi"]
[Result "1-0"]
[WhiteElo "2484"]
[BlackElo "2426"]
[PlyCount "65"]
[EventDate "2010.06.20"]

1. d4 Nf6 2. c4 c5 3. d5 e6 4. Nc3 exd5 5. cxd5 d6 6. e4 g6 7. f4 Bg7 8. Bb5+
Nfd7 9. Nf3 a6 10. Bd3 b5 11. O-O O-O 12. Kh1 b4 13. Ne2 a5 14. f5 Ba6 15. Bg5
Qe8 16. Bxa6 Rxa6 17. Qc2 Nf6 18. e5 dxe5 19. Bxf6 Rxf6 20. Ng3 Nd7 21. Rad1
Qb8 22. Ng5 Qb5 23. d6 c4 24. N5e4 Rd8 25. Nxf6+ Nxf6 26. Ne4 Nxe4 27. Qxe4 c3
28. bxc3 bxc3 29. a4 Qb4 30. Qc6 c2 31. Qxc2 Rxd6 32. Rb1 Qh4 33. Qc7 1-0

[Event "C.to Italiano Semifinale"]
[Site "Torino ITA"]
[Date "2010.06.22"]
[Round "3"]
[White "Rota, Simone"]
[Black "Spinelli, Doriano"]
[Result "1/2-1/2"]
[WhiteElo "2019"]
[BlackElo "2112"]
[PlyCount "84"]
[EventDate "2010.06.20"]

1. d4 h6 2. f4 d5 3. Nf3 Nf6 4. e3 Bf5 5. c4 e6 6. Qb3 Qc8 7. Nc3 c6 8. Be2 Be7
9. O-O O-O 10. Ne5 Nbd7 11. Bd2 Nxe5 12. dxe5 Ne4 13. Nxe4 Bxe4 14. Bf3 Bh7 15.
Rac1 Qd7 16. Rfd1 Rfc8 17. Bb4 Bxb4 18. Qxb4 b5 19. c5 a5 20. Qd4 Qe7 21. Rd2
f6 22. g4 fxe5 23. Qxe5 Qf6 24. Qd6 Ra7 25. Rg2 Rf7 26. h4 e5 27. Qxf6 gxf6 28.
Re1 Kf8 29. a3 Re7 30. f5 Rg7 31. e4 d4 32. Kf2 Bg8 33. Ke2 Bc4+ 34. Kd2 Ke7
35. Bd1 Rcg8 36. b3 Bf7 37. Reg1 Kd7 38. Kd3 Ke7 39. Kd2 Kd7 40. Kd3 Kd8 41.
Kd2 Kc7 42. Kd3 Kd7 1/2-1/2